| 000 | 01036 a2200205 4500 | ||
|---|---|---|---|
| 999 |
_c23928 _d23928 |
||
| 003 | NUST | ||
| 005 | 20170621114816.0 | ||
| 008 | 170621b xxu||||| |||| 00| 0 eng d | ||
| 020 | _a 8178087812 | ||
| 040 |
_aDLC _bDLC _cRCMS |
||
| 050 | _a004.21 HOF | ||
| 082 | _a004.21 HOF | ||
| 100 |
_aJeffrey A, Hoffer. _93023 |
||
| 245 |
_aModern systems analysis and design _cJeffrey A, Hoffer. |
||
| 250 | _a3rd ed. | ||
| 260 |
_aNew Delhi, India : _bPearson Education, _c2002. |
||
| 300 |
_axxxii, 733 p. : _b col. ill. ; _c29 cm. |
||
| 500 | _aIncludes Index | ||
| 538 | _iShelf # 09, Row # 1, History & Digital Design. | ||
| 650 |
_a1.System design. 2.System analysis. _93024 |
||
| 856 | _3Table of Contents Only. | ||
| 942 |
_cBK _k004.21 HOF _2ddc _h004.21 HOF |
||